Validación de un proceso de sellado por radiofrecuencia para el ensamble de torniquetes neumáticos, y de un método de prueba de fuerza de sello; mediante control estadístico.
Gardado en:
| Autor Principal: | |
|---|---|
| Outros autores: | |
| Formato: | Libro |
| Idioma: | Spanish |
| Publicado: |
2023
San José, Costa Rica
|
| Materias: | |
| Etiquetas: |
Engadir etiqueta
Sen Etiquetas, Sexa o primeiro en etiquetar este rexistro!
|
MARC
| LEADER | 00000nam a2200000Ia 4500 | ||
|---|---|---|---|
| 003 | 013741 | ||
| 005 | 20231003132106.0 | ||
| 008 | 140114s2023 cr a 000 ||spa d | ||
| 040 | |c cru CEDI | ||
| 100 | |a Moreno Sánchez, Richard, 1991- |9 1689 | ||
| 245 | |a Validación de un proceso de sellado por radiofrecuencia para el ensamble de torniquetes neumáticos, y de un método de prueba de fuerza de sello; mediante control estadístico. | ||
| 260 | |c San José, Costa Rica |b 2023 | ||
| 500 | |a Práctica dirigida(licenciatura en ingeniería química)--Universidad de Costa Rica. Facultad de Ingeniería. Escuela de Ingeniería Química | ||
| 501 | |a Directora de Práctica Dirigida de Graduación: M.Sc. Paula Solano Sánchez | ||
| 650 | |x TECNOLOGIA MEDICA |x CONTROL ESTADISTICO DE CALIDAD |x SUMINISTROS MEDICOS - PRODUCCION |x DISPOSITIVOS ELECTROMECANICOS |x MEDICINA - APARATOS E INSTRUMENTOS |x PROCESOS DE MANUFACTURA - CONTROL DE CALIDAD |x INDUSTRIA DE SUMINISTROS MEDICOS - CONTROL DE LA PRODUCCION | ||
| 700 | |9 15 |a Solano Sánchez, Paula Raquel, 1976- |d Directora del TFG | ||
| 942 | |c CEDI | ||
| 999 | |c 13157 |d 13157 | ||
